| 000 | 00547nam a2200157 i 4500 | ||
|---|---|---|---|
| 001 | 146673 | ||
| 003 | ES-MaACL | ||
| 005 | 20230906201629.0 | ||
| 007 | t| | ||
| 008 | 070914s1938 cu ||||1| spa d | ||
| 100 | 1 |
_aTrelles, Carlos M. _9111295 |
|
| 245 | 1 | 0 |
_aBibliografía de la Universidad de La Habana / _cpor Carlos M. Trelles Vice-presidente honorario de la Asociación de Bibliografía y Bibliotecas de Washington. |
| 260 |
_aHabana : _b[s.n.], _c1938 ( _fRambla Bouza y Cia.) |
||
| 300 |
_a337 p. ; _c27 cm. |
||
| 852 |
_aES-MaACL _jA-4568 |
||
| 999 |
_c146673 _d146673 |
||